Normal view
MARC view
- Tourism--Management - Package tours
Entry Topical Term
001 - CONTROL NUMBER
- control field: 128700
003 - CONTROL NUMBER IDENTIFIER
- control field: NUST
005 - DATE AND TIME OF LATEST TRANSACTION
- control field: 20250416132547.0
008 - FIXED-LENGTH DATA ELEMENTS
- fixed length control field: 250416|| aca||aabn | a|a d
040 ## - CATALOGING SOURCE
- Original cataloging agency: NUST
- Transcribing agency: NUST
150 ## - HEADING--TOPICAL TERM
- Topical term or geographic name entry element: Tourism--Management - Package tours
670 ## - SOURCE DATA FOUND
- Source citation: Work cat.: (NUST): Holland, Jacqueline 128699, Tour Operators and Operations : Development, Management and Responsibility, 2017.
